00803nam a22001935i 450000100060000000300090000600500170001500700030003200800410003504000130007610000470008924501710013626000760030730000280038371000350041185200210044699900170046795201250048453912ES-MaACL20230929062527.0t|940202s1857 sp ||||1| spa d aAS bspa1 aFernández de Velasco, Bernardino.94971910aObras poéticas del Excmo. Señor D. Bernardino Fernández de Velasco, duque de Frías / cpublicadas a expensas de sus herederos por la Real Academia Española. aMadrid : b[s.n.], c1857 (fImprenta y estereotipia de M. Rivadeneyra) aLIII, 306 p. ; c29 cm.2 aReal Academia Española96336 aES-MaACLjF-2630 c53912d53912 001040708LIBXIXaATENEOMbATENEOMcDEPO2d2008-01-17eSCl0oF-2630p1056657r2023-02-23 00:00:00w2023-02-23yMONANT